000 00536nam a2200169 4500
001 139509
003 ES-MaACL
005 20230906195827.0
007 t|
008 070214s1970 sp r ||||1| spa d
100 1 _aSchefer, Jean-Louis.
_9104265
245 1 0 _aEscenografía de un cuadro /
_cJean-Louis Schefer ; [traducción de Fernando Caralt].
260 _aBarcelona :
_bSeix Barral,
_c1970.
300 _a183 p., 1 lám ;
_c20 cm +
_e1 lám. pleg.
700 1 _aCaralt, Fernando.
_934941
852 _aES-MaACL
_jC-39864
_bR.75126
999 _c139509
_d139509